000 00277nam a22001217a 4500
008 260429b |||||||| |||| 00| 0 eng d
082 _a001365
100 _aAtridev
245 _aSushruta Samhita
260 _aDelhi
_bMotilal Banarasidass
_c2015
300 _a812p
942 _2ddc
999 _c1364
_d1364